|
|
|
|
| LEADER |
00000cam a2200000 7i4500 |
| 001 |
0000006539 |
| 005 |
20151222.0 |
| 008 |
070816 |
| 020 |
|
|
|a 9831541545 (set)
|
| 020 |
|
|
|a 9831541588
|
| 090 |
0 |
0 |
|a CUS MAL
|
| 100 |
0 |
|
|a Raihan Ahmad
|
| 245 |
1 |
0 |
|a Asal usul institusi beraja
|c Raihan Ahmad
|
| 260 |
|
|
|a Selangor :
|b Sejati Books ,
|c 2005
|
| 440 |
|
0 |
|a Siri warisan kesultanan
|
| 500 |
|
|
|a Children ages 10-12 years old (pink)
|
| 650 |
|
0 |
|a Malaysia
|x king and rulers
|x genealogy
|x juvenile literature
|
| 710 |
0 |
|
|a Siri
|
| 710 |
0 |
|
|a Title
|
| 999 |
|
|
|a 0000915296
|b Book
|c Teenagers
|e Cawangan Bandar Tenggara
|
| 999 |
|
|
|a 0000985008
|b Book
|c Children Collection
|e Cawangan Sri Merlong
|
| 999 |
|
|
|a 0000985009
|b Book
|c Children Collection
|e Perbadanan Perpustakaan Awam Johor
|
| 999 |
|
|
|a 0000985010
|b Book
|c Children Collection
|e Perbadanan Perpustakaan Awam Johor
|
| 999 |
|
|
|a 0000985011
|b Book
|c Children Collection
|e Cawangan Bandar Penawar
|
| 999 |
|
|
|a 0001070986
|b Book
|c Children Collection
|e Cawangan Taman Universiti
|